000 00306nam a22001097a 4500
008 230704b xxu||||| |||| 00| 0 eng d
082 _a342.07
_bOSO 1983
245 _a1979 Election Petition Judgement
_bJames Osogo
260 _aNairobi
_bStellascope Publishing Co Ltd
_c1983
300 _a54p
942 _2ddc
_cBK
999 _c3639
_d3639